[Event "16th open"]
[Site "Cappelle La Grande FRA"]
[Date "2000.02.21"]
[Round "3"]
[White "Golod,V"]
[Black "Kazhgaleyev,M"]
[Result "1-0"]
[WhiteElo "2566"]
[BlackElo "2505"]

1.d4 d5 2.c4 e6 3.Nf3 Nf6 4.Nc3 Be7 5.Bf4 O-O 6.e3 c5 7.dxc5 Bxc5 8.a3 Nc6
9.b4 Be7 10.cxd5 Nxd5 11.Nxd5 exd5 12.Bd3 Bf6 13.Rc1 Bg4 14.O-O a6 15.h3 Bh5
16.Rc5 Bxf3 17.Qxf3 Ne7 18.e4 Bd4 19.Rc2 Ng6 20.Bc7 Qg5 21.exd5 Be5 22.d6 Nf4
23.Rd1 Ne6 24.Qf5 Qxf5 25.Bxf5 Nd4 26.Rc5 Bf6 27.d7 Nb5 28.Ba5 Bd8 29.Rc8  1-0

[Event "Oz.com qualifier blitz"]
[Site "Internet ICC"]
[Date "2000.03.05"]
[Round "9"]
[White "Kempinski,R"]
[Black "Short,N"]
[Result "1-0"]
[WhiteElo "2528"]
[BlackElo "2683"]

1.d4 e6 2.Nf3 Nf6 3.c4 d5 4.Nc3 Be7 5.Bf4 O-O 6.e3 c5 7.dxc5 Bxc5 8.Qc2 Nc6
9.a3 Qa5 10.O-O-O Bd7 11.Nd2 Be7 12.g4 Rfc8 13.Be2 b5 14.g5 Ne8 15.Nb3 Qb6
16.cxd5 Na5 17.Nxa5 Qxa5 18.d6 Bf8 19.Kb1 b4 20.axb4 Qxb4 21.Rd4 Qa5 22.Rhd1 Rab8
23.Rc4 Rxc4 24.Bxc4 e5 25.Rd5 Qb4 26.Na2 Qe1+ 27.Rd1 Qa5 28.g6 exf4 29.gxf7+ Kh8
30.fxe8=Q Rxe8 31.Nc3 fxe3 32.fxe3 Rxe3 33.Rf1 Re8 34.Qd3 Qc5 35.Ne4 Qe5
36.Qd5 Qxd5 37.Bxd5 h6 38.Rf7 Rd8 39.Nc5 Bg4 40.Nb7 Rb8 41.d7 Bxd7 42.Rxd7 Bb4
43.Kc2 a5 44.Kd3 Rf8 45.Be4  1-0

[Event "Oz.com qualifier blitz"]
[Site "Internet ICC"]
[Date "2000.03.05"]
[Round "9"]
[White "Orlov,G"]
[Black "Fernandes,C"]
[Result "1-0"]
[WhiteElo "2512"]
[BlackElo "2027"]

1.d4 Nf6 2.c4 e6 3.Nf3 d5 4.Nc3 Be7 5.Bf4 c6 6.e3 O-O 7.Qc2 b6 8.O-O-O dxc4
9.Bxc4 b5 10.Bd3 Na6 11.Qe2 Qa5 12.Ne5 Bb7 13.Kb1 Nb4 14.Bg5 Nxd3 15.Nxd3 b4
16.Bxf6 Bxf6 17.Ne4 Ba6 18.Nxf6+ gxf6 19.Qg4+ Kh8 20.Nc5 Bc4 21.b3 Rg8 22.Qf4 Bb5
23.Qxf6+ Rg7 24.h4 Qd8 25.Qxd8+ Rxd8 26.g3 a5 27.Kb2 h5 28.Rhe1 Rgg8 29.a3 bxa3+
30.Kxa3 a4 31.bxa4 Ra8 32.Rb1 Ra7 33.Rb4 Rga8 34.Kb3 Ba6 35.Rb6 Bc8 36.Rxc6 Rb8+
37.Ka3 e5 38.dxe5 Bf5 39.e4 Bg4 40.Re3 Re7 41.f3 Bh3 42.f4 Bf1 43.Rb3 Rd8
44.Rd6 Rc8 45.Rd7 Ree8 46.Rc3 Rc6 47.Rd6 Rc7 48.a5 Rec8 49.Kb4 Bg2 50.f5 Bf1
51.e6 Kg8 52.e5  1-0

[Event "16th Spring Festival"]
[Site "Budapest HUN"]
[Date "2000.03.18"]
[Round "2"]
[White "Galyas,M"]
[Black "Letay,G"]
[Result "1/2-1/2"]
[WhiteElo "2440"]
[BlackElo "2198"]

1.d4 Nf6 2.c4 e6 3.Nc3 d5 4.Nf3 Be7 5.Bf4 c6 6.e3 Nbd7 7.h3 b6 8.cxd5 exd5
9.Bd3 Bb7 10.O-O O-O 11.Ne5 Nxe5 12.Bxe5 Nd7 13.Bh2 Nf6 14.Be5 Nd7 15.Bg3 Bf6
16.Qf3 g6 17.Rad1 Bg7 18.Bb1 f5 19.Ne2 Ba6 20.Bd3 Bb7 21.Rfe1 Qe7 22.Bc2 Rac8
23.Nf4 Rfe8 24.Bb3 Kh8 25.Nd3 Qe4 26.Qf4 Qxf4 27.Bxf4 a5 28.Rc1 c5 29.Ba4 Bc6
30.Bxc6 Rxc6 31.dxc5 bxc5 32.b3 Rec8  1/2-1/2

[Event "NED-chT"]
[Site "Leeuwarden NED"]
[Date "2000.03.19"]
[Round "6"]
[White "Van der Vliet,F"]
[Black "Bouwmeester,A"]
[Result "1-0"]
[WhiteElo "2356"]
[BlackElo "2271"]

1.d4 d5 2.c4 e6 3.Nc3 Nf6 4.Nf3 Be7 5.Bf4 O-O 6.e3 c5 7.dxc5 Bxc5 8.Qc2 Nc6
9.a3 Qa5 10.Rd1 Be7 11.Nd2 Re8 12.Be2 e5 13.Bg5 d4 14.Nb3 Qb6 15.Bxf6 Bxf6
16.Nd5 Qd8 17.exd4 exd4 18.O-O Be6 19.Nxf6+ Qxf6 20.Bd3 h6 21.Nc5 b6 22.Nxe6 Qxe6
23.Bh7+ Kf8 24.Bf5 Qd6 25.Rd2 Rad8 26.Be4 d3 27.Rxd3 Nd4 28.Rxd4 Qxd4 29.Bd5 Kg8
30.h3 Rc8 31.Rd1 Qf6 32.g3 Re7 33.Kg2 Rce8 34.Rd2 Re1 35.b4 h5 36.h4 R8e7
37.c5 bxc5 38.bxc5 Qa6 39.c6 Qf1+ 40.Kh2 R1e2 41.Bg2 Qe1 42.c7 Rxc7  1-0

[Event "Amber Rapidplay"]
[Site "Monaco MNC"]
[Date "2000.03.24"]
[Round "8"]
[White "Topalov,V"]
[Black "Karpov,An"]
[Result "1-0"]
[WhiteElo "2702"]
[BlackElo "2696"]

1.d4 Nf6 2.c4 e6 3.Nf3 d5 4.Nc3 Be7 5.Bf4 O-O 6.e3 Nbd7 7.c5 c6 8.Bd3 b6
9.b4 a5 10.a3 Ba6 11.O-O Qc8 12.h3 Bxd3 13.Qxd3 axb4 14.axb4 Qb7 15.Qc2 Rfc8
16.Rfb1 Bd8 17.Nd2 Rxa1 18.Rxa1 Ra8 19.Rxa8 Qxa8 20.Qa2 Qxa2 21.Nxa2 Ne8
22.Nb3 Nc7 23.cxb6 Nxb6 24.Na5 Nb5 25.Nxc6 Bf6 26.Kf1 Kf8 27.Ke2 Ke8 28.Kd3 Kd7
29.Na5 Be7 30.f3 Nc8 31.Kc2 h5 32.Kb3 Bd6 33.Bxd6 Ncxd6 34.g4 hxg4 35.hxg4 f5
36.Kc2 fxg4 37.fxg4 Ne4 38.Nb3 Nf6 39.Nc5+ Kd6 40.g5 Nh7 41.g6 Nf8 42.Kb3 Nxg6
43.Ka4 Na7 44.b5 Nc8 45.Ka5 e5 46.b6 Nxb6 47.Kxb6 exd4 48.exd4 Nh4 49.Nc3 Nf3
50.Nb5+ Ke7 51.Nd3 g5 52.Kc5 Ke6 53.Nc3 Kf5 54.Nf2 g4 55.Nh1 Kf4 56.Ne2+ Ke3
57.Nhg3 Kd3 58.Nf4+ Ke3 59.Nfe2 Kd3 60.Kxd5 Nxd4 61.Nxd4 Kc3 62.Kc5 Kd3 63.Nde2 Kd2
64.Kc4 Kc2 65.Nd4+ Kb2 66.Kb4 Ka2 67.Ndf5 Kb2 68.Ne3 Ka2 69.Nc4 Kb1 70.Kc3 Kc1
71.Nb2 Kb1 72.Nd3 Ka1 73.Kb3 Kb1 74.Ne2  1-0

[Event "Bundesliga 1999-2000"]
[Site "Godesberg GER"]
[Date "2000.03.26"]
[Round "13"]
[White "Ribli,Z"]
[Black "Van der Sterren,P"]
[Result "1-0"]
[WhiteElo "2569"]
[BlackElo "2526"]

1.d4 d5 2.Nf3 Nf6 3.c4 e6 4.Nc3 Be7 5.Bf4 O-O 6.e3 c5 7.dxc5 Bxc5 8.cxd5 Nxd5
9.Nxd5 exd5 10.a3 Nc6 11.Bd3 Bb6 12.O-O Qf6 13.b4 Bf5 14.b5 Nd4 15.Bxf5 Nxf3+
16.Qxf3 Qxf5 17.a4 a5 18.Rfd1 Rad8 19.Rac1 Qe4 20.Qxe4 dxe4 21.Rxd8 Rxd8
22.g4 f6 23.Rc4 Re8 24.Kf1 g5 25.Bd6 Kf7 26.Ba3 Kg6 27.Bb2 f5 28.gxf5+ Kxf5
29.Bd4 Bxd4 30.Rxd4 Rc8 31.Kg2 h5 32.Rd5+ Kf6 33.b6 Rc6 34.h4 gxh4 35.Rxh5 Kg6
36.Rxh4 Rc4 37.Rh8 Rxa4 38.Rb8 Rb4 39.Rxb7 a4 40.Kg3 Kf5 41.Ra7 Rxb6 42.Ra5+ Kg6
43.Rxa4 Re6 44.Ra5 Rb6 45.Re5 Rb4 46.Kg4 Rb2 47.Rf5 Rb8 48.Rf4 Re8 49.Kg3 Kg5
50.Kg2 Re7 51.Kf1 Re8 52.Ke2 Re7 53.Kd2 Rd7+ 54.Kc3 Rd3+ 55.Kc2 Ra3 56.Kb2 Rd3
57.Kc2 Ra3 58.Kd2 Ra4 59.Ke2 Rb4 60.Kf1 Ra4 61.Kg2 Rb4 62.Kg3  1-0

[Event "It"]
[Site "Tel Aviv ISR"]
[Date "2000.03.26"]
[Round "6"]
[White "Botvinnik,M2"]
[Black "Mikhalevski,A"]
[Result "0-1"]
[WhiteElo "2274"]
[BlackElo "2479"]

1.d4 d5 2.c4 e6 3.Nc3 Be7 4.Nf3 Nf6 5.Bf4 O-O 6.e3 c5 7.dxc5 Bxc5 8.a3 Nc6
9.Rc1 a6 10.cxd5 exd5 11.Be2 d4 12.exd4 Nxd4 13.Nxd4 Bxd4 14.O-O Be6 15.Qd2 Qb6
16.Na4 Qa7 17.Rcd1 Rad8 18.Be3 Bxe3 19.Qxd8 Bb3 20.Qd3 Bxd1 21.Bxd1 Bd4 22.g3 Rd8
23.Kg2 Qb8 24.Qf3 b5 25.Nc3 Qe5 26.Bb3 Bxc3 27.bxc3 Rc8 28.Rd1 h5 29.Rd3 a5
30.a4 bxa4 31.Bxa4 Qc5 32.h4 Qc4 33.Bc2 Kf8 34.Qd1 Qc6+ 35.Kg1 Qb6 36.Rd6 Qc7
37.Bf5 Re8 38.Qd4 Re1+ 39.Kh2 Re8 40.c4 a4 41.Ra6 Rd8 42.Qe3 Qxc4 43.Qa3+ Kg8
44.Rxa4 Qc6 45.Ra6 Qd5 46.Ra5 Qd2 47.Qa2 g6 48.Bh3 Ne4 49.Ra8 Kg7 50.Qa1+ Rd4
51.Ra2 Qb4 52.Qb2 Qc4 53.Qe2 Qc5 54.Rc2 Qd6 55.Bg2 Nf6 56.Kg1 Rd1+ 57.Bf1 Qd5
58.Ra2 Ng4 59.Qb2+ Kh7 60.Ra3 Qc4  0-1

[Event "Cat XI Spring"]
[Site "Kiev UKR"]
[Date "2000.04.01"]
[Round "11"]
[White "Malakhatko,V"]
[Black "Kruppa,Y"]
[Result "1/2-1/2"]
[WhiteElo "2568"]
[BlackElo "2561"]

1.d4 d5 2.c4 e6 3.Nc3 Be7 4.Nf3 Nf6 5.Bf4 O-O 6.e3 c5 7.dxc5 Bxc5 8.cxd5 Nxd5
9.Nxd5 exd5 10.a3 Nc6 11.Bd3 Bb6 12.O-O Bg4 13.b4 d4 14.b5 Na5 15.exd4 Bxd4
16.Bxh7+ Kxh7 17.Qd3+ Kg8 18.Nxd4 Rc8 19.Be3 Nc4 20.Qe4 Qd7 21.h3 Nxe3 22.fxe3 Bh5
23.Nf5 Rce8 24.Qd4 Qxd4 25.exd4 Be2 26.Rf2 g6 27.Nd6 Re6 28.Nxb7 Bxb5 29.Rd2 Rb6
30.Nc5 Rd8 31.d5 Bc4 32.Rd4 Be2 33.Re1 Rb2 34.a4 Rc2 35.Nb7 Rd7 36.d6 Kf8
37.Na5 Ba6 38.Re5 f6 39.Red5 Kf7 40.h4 Rc3 41.h5 gxh5 42.Rxh5 Ke6 43.Re4+  1/2-1/2

[Event "Bundesliga 1999-2000"]
[Site "Porz GER"]
[Date "2000.04.08"]
[Round "14"]
[White "Ftacnik,L"]
[Black "Lutz,C"]
[Result "1/2-1/2"]
[WhiteElo "2579"]
[BlackElo "2587"]

1.d4 d5 2.c4 e6 3.Nc3 Be7 4.Nf3 Nf6 5.Bf4 O-O 6.e3 c5 7.dxc5 Bxc5 8.cxd5 Nxd5
9.Nxd5 exd5 10.a3 Nc6 11.Bd3 Bb6 12.O-O Qf6 13.b4 Bf5 14.b5 Nd4 15.Bxf5 Nxf3+
16.Qxf3 Qxf5 17.Rfd1 Rfd8 18.a4 Rac8 19.a5 Bc5 20.h3 Qe4 21.Qxe4 dxe4 22.g4 f6
23.Rdc1 g6 24.Ra4 f5 25.Bg5 Bf8 26.Rxc8 Rxc8 27.gxf5 gxf5 28.b6 axb6 29.axb6 Bc5
30.Ra7 Rc6 31.Rxb7 Rxb6 32.Rc7  1/2-1/2

[Event "Women's Open"]
[Site "St Petersburg RUS"]
[Date "2000.04.12"]
[Round "6"]
[White "Ovchinikova,J"]
[Black "Sirotkina,N"]
[Result "0-1"]
[WhiteElo "2221"]
[BlackElo "2284"]

1.d4 d5 2.c4 e6 3.Nc3 Nf6 4.Nf3 Be7 5.Bf4 O-O 6.e3 b6 7.a3 Bb7 8.Rc1 a6 9.cxd5 exd5
10.Bd3 c5 11.O-O Nbd7 12.Ne5 c4 13.Bf5 g6 14.Bh3 b5 15.Qf3 Nxe5 16.dxe5 Ne4
17.Nxe4 dxe4 18.Qg3 Bh4 19.Qg4 Bc8 20.Qd1 Bxh3 21.gxh3 Qxd1 22.Rfxd1 Rfd8
23.Rd4 f5 24.Rcd1 Kf7 25.f3 exf3 26.Bg3 Be7 27.Kf2 Ke6 28.Kxf3 Rxd4 29.Rxd4 Rd8
30.h4 Rd5 31.h3 Bc5 32.Rxd5 Kxd5 33.Kf4 a5 34.h5 b4 35.hxg6 hxg6 36.axb4 axb4
37.Be1 Be7 38.Bd2 Ke6 39.h4 Bxh4 40.Bxb4 g5+ 41.Kf3 Kxe5 42.Bc3+ Kd5 43.Bd2 g4+
44.Kf4 g3 45.Kf3 Bf6 46.Kxg3 Ke4 47.Bc1 Be5+ 48.Kh4 Kd3 49.Kg5 Kc2 50.b3 cxb3
51.Ba3 Bd6  0-1

[Event "ch-DEN"]
[Site "Aalborg DEN"]
[Date "2000.04.16"]
[Round "2"]
[White "Hansen,Cu"]
[Black "Nielsen,PH"]
[Result "1/2-1/2"]
[WhiteElo "2618"]
[BlackElo "2564"]

1.Nf3 d5 2.d4 Nf6 3.c4 e6 4.Nc3 Be7 5.Bf4 O-O 6.e3 Nbd7 7.Qc2 c5 8.cxd5 cxd4
9.exd4 Nxd5 10.Nxd5 exd5 11.a3 Nf6 12.Bd3 Qa5+ 13.Bd2 Qb6 14.h3 Bd7 15.O-O Rac8
16.Qb1 Bb5 17.Bg5 Rfe8  1/2-1/2

[Event "Schloss Open"]
[Site "Werther GER"]
[Date "2000.04.16"]
[Round "5"]
[White "Epishin,V"]
[Black "Meijers,V"]
[Result "1-0"]
[WhiteElo "2667"]
[BlackElo "2482"]

1.d4 d5 2.c4 e6 3.Nf3 Nf6 4.Nc3 Be7 5.Bf4 O-O 6.e3 b6 7.Bd3 Bb7 8.cxd5 exd5
9.Ne5 Nbd7 10.Qf3 a6 11.Bf5 Nxe5 12.dxe5 Ne8 13.O-O-O c6 14.g4 b5 15.Rhg1 g6
16.Qh3 Kh8 17.Bc2 b4 18.Ne4 Rg8 19.e6 Nd6 20.Nxd6 Bxd6 21.exf7 Rg7 22.Qh6 Bxf4
23.exf4 Qf8 24.f5 Rxf7 25.Qf4 c5 26.g5 Re8 27.f6 c4 28.Rge1 Kg8 29.h4 Rc8
30.Kb1 Qd8 31.Re6 Qd7 32.Rde1 Qb5 33.h5 b3 34.Bxg6 bxa2+ 35.Ka1 hxg6 36.hxg6 c3
37.gxf7+ Kxf7 38.g6+ Kxg6 39.f7+ Kg7 40.Rg1+  1-0

[Event "ch-IRL"]
[Site "Castleconnell IRL"]
[Date "2000.04.27"]
[Round "6"]
[White "Keogh,E"]
[Black "Collins,S"]
[Result "0-1"]
[WhiteElo "2167"]
[BlackElo "2130"]

1.Nf3 e6 2.c4 d5 3.d4 Nf6 4.Nc3 Be7 5.Bf4 O-O 6.e3 c5 7.cxd5 cxd4 8.Qxd4 Nxd5
9.Nxd5 exd5 10.Bxb8 Qa5+ 11.Nd2 Rxb8 12.Rd1 Bf6 13.Qf4 Be6 14.Bd3 Qxa2 15.O-O Qxb2
16.Nf3 a5 17.g4 Qb4 18.e4 dxe4 19.Bxe4 Rbd8 20.Rb1 Qd6 21.Qxd6 Rxd6 22.g5 Bc3
23.Rxb7 Bd5 24.Bxd5 Rxd5 25.Ra7 Rf5 26.Kg2 f6 27.Rc1 Rc5 28.h4 Rfc8 29.Rxc3 Rxc3
30.Rxa5 fxg5 31.Nxg5 R3c4 32.Kg3 h6 33.Nf3 Rc3 34.Rf5 Rf8 35.Rxf8+ Kxf8 36.Kg4 Rc2
37.Kg3 Ke7 38.Nd4 Rc4 39.Nf5+ Kf6 40.Ne3 Ra4 41.f3 Ra3 42.Nd5+ Ke5 43.Nf4 Kf5
44.Nh3 Ra2 45.Nf4 Rd2 46.Nh3 Rd1 47.Kg2 Rd5 48.Kg3 Rd1 49.Kg2 Ke5 50.Kg3 Rh1
51.Kg2 Ra1 52.Kg3 Rb1 53.Kf2 Rb4 54.Kg3 Rb6 55.Kf2 Rg6 56.Ng1 Ra6 57.Nh3 Kf5
58.Kg3 Ra1 59.Kg2 g6 60.Kg3 Rh1 61.Kg2 Ra1 62.Kg3 Rb1 63.Kg2 Rb2+ 64.Kg3 Ra2
65.Ng1 g5 66.hxg5 Kxg5 67.Nh3+ Kf5 68.Kh4 Ra3 69.Kg3 h5 70.Ng1 Ra2 71.Nh3 Ra4
72.f4 Ra3+ 73.Kh4 Ra8 74.Kg3 Rg8+ 75.Ng5 Rh8 76.Nf3 Ra8 77.Nd4+ Ke4 78.Ne6 Rg8+
79.Kh4 Rh8 80.Ng5+ Kxf4 81.Nf7 Rh7 82.Ng5 Re7 83.Nh3+ Kf5 84.Nf2 Kg6 85.Kg3 Rh7
86.Kh4 Ra7 87.Kg3 Ra3+ 88.Kh4 Ra4+ 89.Kg3 Kf5 90.Nh3 h4+ 91.Kg2 Ra2+ 92.Kf3 Rb2
93.Nf2 Rb3+ 94.Kg2 Rg3+ 95.Kh2 Kf4 96.Nh3+ Kg4 97.Nf2+ Kf3 98.Nd3 Kg4 99.Nf2+ Kh5
100.Ne4 Re3 101.Nf6+ Kg5 102.Nd5 Rd3 103.Nb4 Rd4 104.Nc6 Re4 105.Nd8 Kg4
106.Nf7 Re2+ 107.Kg1 Re6  0-1

[Event "VI Leonardo Di Bona"]
[Site "Cutro ITA"]
[Date "2000.04.27"]
[Round "1"]
[White "Skembris,S"]
[Black "Miladinovic,I"]
[Result "1/2-1/2"]
[WhiteElo "2481"]
[BlackElo "2538"]

1.d4 d5 2.c4 e6 3.Nc3 Nf6 4.Nf3 Be7 5.Bf4 O-O 6.e3 Nbd7 7.cxd5 Nxd5 8.Nxd5 exd5
9.Bd3 c6 10.Qc2 Qa5+ 11.Nd2 Nf6 12.O-O Qd8 13.h3 a5 14.a3 g6 15.Rab1 a4 16.Rbd1 Be6
17.Nb1 Nd7 18.Nc3 Qa5 19.Bh6 Rfc8 20.f4 f5  1/2-1/2

[Event "Julian Borowski A"]
[Site "Essen GER"]
[Date "2000.04.27"]
[Round "1"]
[White "Hansen,Cu"]
[Black "Zvjaginsev,V"]
[Result "1/2-1/2"]
[WhiteElo "2618"]
[BlackElo "2641"]

1.Nf3 d5 2.d4 Nf6 3.c4 e6 4.Nc3 Be7 5.Bf4 O-O 6.e3 Nbd7 7.h3 c5 8.cxd5 Nxd5
9.Nxd5 exd5 10.Bd3 Qa5+ 11.Qd2 Qxd2+ 12.Nxd2 c4 13.Bc2 b5 14.O-O-O Nb6 15.e4 Be6
16.Rhe1 Rac8 17.Kb1 a5 18.Nf1 Rfd8 19.Ne3 Bb4 20.Re2 a4 21.exd5 Nxd5 22.Nxd5 Bxd5
23.Be4 f6 24.Bd2 Bf8 25.Ba5 Bxe4+ 26.Rxe4 Rd5 27.a3 Ra8 28.Bc3 Kf7 29.Rde1 Bd6
30.Kc2 Rd8 31.Ba5 Ra8 32.Bc3 Rd8  1/2-1/2

[Event "Julian Borowski A"]
[Site "Essen GER"]
[Date "2000.04.30"]
[Round "4"]
[White "Dautov,R"]
[Black "Bischoff,K"]
[Result "1/2-1/2"]
[WhiteElo "2602"]
[BlackElo "2544"]

1.d4 Nf6 2.Nf3 e6 3.c4 d5 4.Nc3 Be7 5.Bf4 O-O 6.e3 a6 7.Qc2 c6 8.Bd3 Nbd7
9.cxd5 exd5 10.g4 Re8 11.g5 Ne4 12.Nxe4 dxe4 13.Bxe4 Qa5+ 14.Kf1 Nf8 15.h4 Bg4
16.Ne5 Bh5 17.Qb3 Qb5+ 18.Bd3 Qxb3 19.axb3 Ne6 20.Bg3 Rad8 21.Bc4 Bd6 22.Kg2 c5
23.Bxe6 Rxe6  1/2-1/2

[Event "Julian Borowski B"]
[Site "Essen GER"]
[Date "2000.05.04"]
[Round "7"]
[White "Pelletier,Y"]
[Black "Doettling,F"]
[Result "1-0"]
[WhiteElo "2478"]
[BlackElo "2477"]

1.d4 d5 2.c4 e6 3.Nc3 Be7 4.Nf3 Nf6 5.Bf4 O-O 6.e3 c5 7.dxc5 Bxc5 8.a3 Nc6
9.Qc2 Qa5 10.O-O-O Be7 11.h4 a6 12.Ng5 Rd8 13.cxd5 exd5 14.e4 dxe4 15.Bc4 Nd4
16.Rxd4 Rxd4 17.Qb3 Bf5 18.Bxf7+ Kh8 19.Be6 Bg6 20.Qxb7 Re8 21.Bc7 Qc5 22.Bb6 Qd6
23.Bxd4 Qxd4 24.Nf7+ Kg8 25.Nd6+ Kf8 26.Nxe8 e3 27.Rd1 e2 28.Rxd4 e1=Q+ 29.Rd1 Qxf2
30.Bb3 Nxe8 31.Qf3+ Qxf3 32.gxf3 Bxh4 33.Bc2 Bh5 34.Ne4 g5 35.Bd3 a5 36.Be2 Bg6
37.Rd5 g4 38.Kd1 h5 39.Rxa5 Be7 40.Re5 Bxe4 41.Rxe4 g3 42.Bf1 Nf6 43.Rd4 Bc5
44.Rc4 Bf2 45.Ke2 Nd5 46.Re4 Kf7 47.Bh3 Kf6 48.f4 h4 49.Kf3 Ba7 50.Re6+ Kg7
51.Re5  1-0

[Event "Julian Borowski A"]
[Site "Essen GER"]
[Date "2000.05.05"]
[Round "8"]
[White "Dreev,A"]
[Black "Beliavsky,A"]
[Result "1/2-1/2"]
[WhiteElo "2680"]
[BlackElo "2640"]

1.d4 Nf6 2.c4 e6 3.Nf3 d5 4.Nc3 Be7 5.Bf4 O-O 6.e3 c5 7.dxc5 Bxc5 8.a3 Nc6
9.cxd5 Nxd5 10.Nxd5 exd5 11.Bd3 Bb6 12.O-O d4 13.e4 Bg4 14.h3 Qf6 15.Bh2 Bxf3
16.Qxf3 Qxf3 17.gxf3 Na5 18.Rad1 Rac8 19.Rfe1 Nb3 20.Bd6 Rfd8 21.e5 Ba5 22.Bb4 Bxb4
23.axb4 g6 24.f4 a5 25.bxa5 Nxa5 26.Kg2 Rc6 27.f5 Nc4 28.Re2 gxf5 29.Bxf5 Rc5
30.e6 fxe6 31.Bxe6+ Kf8 32.b4 Rg5+ 33.Kf3 Na3 34.Kf4 Rg6 35.Rd3 Nb5 36.Bf5 Rf6
37.Re6  1/2-1/2

[Event "Julian Borowski A"]
[Site "Essen GER"]
[Date "2000.05.05"]
[Round "8"]
[White "Dautov,R"]
[Black "Zvjaginsev,V"]
[Result "1/2-1/2"]
[WhiteElo "2602"]
[BlackElo "2641"]

1.d4 Nf6 2.c4 e6 3.Nf3 d5 4.Nc3 Be7 5.Bf4 O-O 6.e3 Nbd7 7.a3 c5 8.cxd5 Nxd5
9.Nxd5 exd5 10.dxc5 Nxc5 11.Be5 Qb6 12.Bd4 a5 13.Be2 Bf5 14.O-O Rfc8 15.Rc1 Qd8
16.Ne5 a4 17.Bg4 Bxg4 18.Qxg4 Ne6 19.Qh5  1/2-1/2

[Event "New York Open"]
[Site "New York USA"]
[Date "2000.05.07"]
[Round "5"]
[White "Agrest,E"]
[Black "Sulskis,S"]
[Result "1/2-1/2"]
[WhiteElo "2604"]
[BlackElo "2499"]

1.c4 e6 2.Nf3 Nf6 3.Nc3 d5 4.d4 Be7 5.Bf4 O-O 6.e3 c5 7.dxc5 Nc6 8.Rc1 Bxc5
9.a3 d4 10.exd4 Nxd4 11.Ne5 Nf5 12.Be2 h6 13.O-O g5 14.Nd3 gxf4 15.Nxc5 e5
16.Qxd8 Rxd8 17.Bf3 Nd4 18.Bxb7 Bxb7 19.Nxb7 Rdb8 20.Nc5 Rxb2 21.Nd3 Rb3
22.Rfe1 Rab8 23.Kf1  1/2-1/2

[Event "ch-RUS Women"]
[Site "Elista RUS"]
[Date "2000.05.12"]
[Round "2"]
[White "Shumiakina,T"]
[Black "Sirotkina,N"]
[Result "1-0"]
[WhiteElo "2365"]
[BlackElo "2284"]

1.d4 d5 2.c4 e6 3.Nc3 Be7 4.Nf3 Nf6 5.Bf4 O-O 6.e3 b6 7.cxd5 exd5 8.Bd3 c5
9.Ne5 Bb7 10.O-O c4 11.Bc2 a6 12.Qf3 b5 13.a3 Ra7 14.Bg5 Nbd7 15.Qh3 g6 16.Rad1 Ba8
17.f4 Ne4 18.Bh6 Re8 19.Bxe4 dxe4 20.f5 Nxe5 21.dxe5 Qc8 22.e6 Bc5 23.Qg3 Qb8
24.Bf4 Qb6 25.Rd7 fxe6 26.Rxa7 Qxa7 27.fxg6 Rf8 28.gxh7+ Kxh7 29.Qh3+ Kg8
30.Qxe6+ Qf7 31.Qg4+ Qg7 32.Qh5 Ba7 33.Bh6 Rxf1+ 34.Kxf1 Qf7+ 35.Qxf7+ Kxf7
36.Kf2 Ke6 37.g4 Bc6 38.h4 a5 39.Ne2 b4 40.axb4 axb4 41.Bf8 c3 42.bxc3 b3
43.Ba3 Bc5 44.Nf4+ Kf6 45.Bb2 Bd6 46.c4+ Be5 47.Nh5+ Ke6 48.Ng7+ Kd6 49.Nf5+ Ke6
50.Nd4+ Kf7 51.g5 Bd7 52.Ba3 Bd6 53.Bc1 Kg6 54.Nxb3 Kh5 55.Bb2 Kxh4 56.g6 Bg3+
57.Kg2 Bh3+ 58.Kg1 Be6 59.Nd2 Kh5 60.g7 Bh4 61.c5 Kg4 62.c6 Bd8 63.Nxe4 Kf3
64.c7  1-0

[Event "Capablanca Mem Mixto"]
[Site "Varadero CUB"]
[Date "2000.05.17"]
[Round "9"]
[White "Valdes,Lu"]
[Black "Frometa,Z"]
[Result "1-0"]
[WhiteElo "2397"]
[BlackElo "2213"]

1.d4 d5 2.c4 e6 3.Nf3 Nf6 4.Nc3 Be7 5.Bf4 O-O 6.e3 Nbd7 7.Rc1 c6 8.a3 Ne4
9.Bd3 f5 10.h4 Ndf6 11.Ne5 Bd6 12.h5 Bxe5 13.Bxe5 Ng4 14.Bxe4 Nxe5 15.Bxd5 exd5
16.dxe5 dxc4 17.Qxd8 Rxd8 18.Ne2 b5 19.Nd4 Bd7 20.b4 a5 21.e6 Be8 22.Nxf5 Rd3
23.Rh4 Rxa3 24.bxa5 R3xa5 25.Rf4 R5a7 26.g4 g6 27.hxg6 Bxg6 28.Rd4 h5 29.Rcd1 hxg4
30.Rxg4 Kh7 31.Ke2 Ra1 32.Rd7+ Kh8 33.Rh4+ Kg8 34.Rg7+  1-0

[Event "It"]
[Site "Sisak CRO"]
[Date "2000.05.19"]
[Round "4"]
[White "Jankovic,A"]
[Black "Sitnik,I"]
[Result "0-1"]
[WhiteElo "2320"]
[BlackElo "2371"]

1.d4 d5 2.c4 e6 3.Nc3 Be7 4.Nf3 Nf6 5.Bf4 O-O 6.e3 c5 7.dxc5 Bxc5 8.Qc2 Nc6
9.a3 Bd7 10.Rd1 Rc8 11.cxd5 exd5 12.Be2 Be6 13.O-O Qe7 14.Bg5 Rfd8 15.Bxf6 Qxf6
16.Nb5 Ne5 17.Nxe5 Qxe5 18.Qd2 Bf5 19.Bd3 Bg4 20.Rc1 Rc6 21.Nd4 Rh6 22.f4 Qe7
23.h3 Bd7 24.Rf3 Bb6 25.g4 g5 26.Kg2 gxf4 27.Rxf4 Qh4 28.Rh1 Bc7 29.Nf3 Qe7
30.Rd4 Bc6 31.g5 Re6 32.Rh4 d4 33.exd4 Re3 34.Rf1 Qd6 35.Bxh7+ Kg7 36.d5 Qg3+
37.Kh1 Rxf3  0-1

[Event "zt3.2a"]
[Site "Vung Tau VIE"]
[Date "2000.05.21"]
[Round "1"]
[White "Sharavdorj,D"]
[Black "Wo Dai,D"]
[Result "1-0"]
[WhiteElo "2473"]
[BlackElo "2110"]

1.d4 d5 2.Nf3 Nf6 3.c4 e6 4.Nc3 Be7 5.Bf4 O-O 6.e3 c5 7.dxc5 Qa5 8.a3 dxc4
9.Bxc4 Qxc5 10.Qe2 a6 11.O-O b5 12.Bd3 Bb7 13.Ng5 Nbd7 14.Rac1 Rac8 15.e4 h6
16.Nd5 Nxd5 17.exd5 hxg5 18.Rxc5 Nxc5 19.d6 gxf4 20.dxe7 Rfe8 21.Bb1 Rxe7
22.Rc1 Rec7 23.Qe5 f3 24.gxf3 Bd5 25.b4 f6 26.Qg3 Bc4 27.bxc5 Rxc5 28.h4 g5
29.Qd6 gxh4 30.Kh2 Rg5 31.Qd7 Rcc5 32.Qe8+ Kg7 33.Qe7+ Kg8 34.f4 Rg2+  1-0

[Event "Leonid Stein Mem"]
[Site "Lviv UKR"]
[Date "2000.05.22"]
[Round "10"]
[White "Korchnoi,V"]
[Black "Beliavsky,A"]
[Result "1/2-1/2"]
[WhiteElo "2659"]
[BlackElo "2640"]

1.d4 Nf6 2.c4 e6 3.Nf3 d5 4.Nc3 Be7 5.Bf4 O-O 6.e3 c5 7.dxc5 Bxc5 8.a3 Nc6
9.cxd5 Nxd5 10.Nxd5 exd5 11.Bd3 Bb6  1/2-1/2

[Event "III Magistral de VRSA"]
[Site "Santo Antonio POR"]
[Date "2000.05.22"]
[Round "3"]
[White "Spraggett,K"]
[Black "Frois,A"]
[Result "1-0"]
[WhiteElo "2529"]
[BlackElo "2350"]

1.d4 d5 2.c4 e6 3.Nf3 Nf6 4.Nc3 Be7 5.Bf4 O-O 6.e3 c5 7.dxc5 Bxc5 8.cxd5 Nxd5
9.Nxd5 Qxd5 10.Qxd5 exd5 11.Bb5 Be6 12.O-O Nd7 13.Rfd1 Nf6 14.Nd4 Rac8 15.Be5 Be7
16.Bxf6 Bxf6 17.Nxe6 fxe6 18.Bd7 Rc2 19.Rac1 Rxb2 20.Bxe6+ Kh8 21.Bxd5 b5
22.Rb1 Rxb1 23.Rxb1 Rb8 24.f4 a5 25.Kf2 b4 26.Bb3 g6 27.e4 Bc3 28.Rd1 Ra8
29.Ba4 Ra7 30.Ke3 Kg7 31.e5 Kf7 32.Ke4 Ke7 33.g4 Rc7 34.Bb3 Ra7 35.f5 a4
36.f6+ Ke8 37.f7+ Ke7 38.Rd8  1-0

[Event "Open A"]
[Site "Lido Estensi ITA"]
[Date "2000.05.27"]
[Round "1"]
[White "Timoscenko,G"]
[Black "Insabato,G"]
[Result "1-0"]
[WhiteElo "2519"]
[BlackElo "2175"]

1.d4 d5 2.c4 e6 3.Nf3 Nf6 4.Nc3 Be7 5.Bf4 c5 6.dxc5 Bxc5 7.e3 Nc6 8.Qc2 Qe7
9.a3 O-O 10.Rd1 Rd8 11.Bg5 d4 12.Ne4 Bb6 13.Bd3 dxe3 14.fxe3 Kh8 15.c5 Bc7
16.O-O Ne5 17.Nxe5 Bxe5 18.Qe2 Bd7 19.Nxf6 Bxf6 20.Bxf6  1-0

[Event "ch-IND"]
[Site "Mumbai IND"]
[Date "2000.05.27"]
[Round "11"]
[White "Prasad,D"]
[Black "Ravi,T"]
[Result "1/2-1/2"]
[WhiteElo "2421"]
[BlackElo "2373"]

1.Nf3 Nf6 2.c4 e6 3.Nc3 d5 4.d4 Be7 5.Bf4 O-O 6.e3 a6 7.Qc2 Nbd7 8.cxd5 exd5
9.Bd3 Re8 10.O-O Nf8 11.h3 c6 12.Ne5 Bd6 13.Rfe1 Ng6  1/2-1/2

[Event "Bank Pocztowy Open"]
[Site "Bydgoszcz POL"]
[Date "2000.05.28"]
[Round "1"]
[White "Kempinski,R"]
[Black "Krainski,A"]
[Result "1-0"]
[WhiteElo "2528"]
[BlackElo "2271"]

1.d4 d5 2.c4 e6 3.Nf3 Nf6 4.Nc3 Be7 5.Bf4 O-O 6.e3 Nbd7 7.Qc2 c5 8.cxd5 cxd4
9.d6 dxc3 10.bxc3 e5 11.dxe7 Qxe7 12.Bg3 Qc5 13.Rb1 a6 14.Be2 b6 15.O-O Bb7
16.Qa4 Rfe8 17.Rfc1 Bc6 18.Qb4 Ne4 19.Qxc5 Nexc5 20.Nd2 h6 21.f3 Rec8 22.Bf1 Na4
23.Nc4 f6 24.Nd6 Rc7 25.Nf5 Kf8 26.Rb4 Ndc5 27.f4 e4 28.Nd4 Bd5 29.f5 Rcc8
30.c4 Bf7 31.Bd6+ Kg8 32.Bxc5 Nxc5 33.Rxb6 Rab8 34.Rcb1 Rxb6 35.Rxb6 Nd3
36.Rxa6 Bxc4 37.Ra7 Bf7 38.a4 g6 39.Re7 Rc1  1-0

[Event "Guillermo Garcia Premier II"]
[Site "Santa Clara CUB"]
[Date "2000.05.28"]
[Round "4"]
[White "Arencibia,W"]
[Black "Perdomo,C"]
[Result "1-0"]
[WhiteElo "2529"]
[BlackElo "2411"]

1.d4 d5 2.c4 e6 3.Nc3 Be7 4.Nf3 Nf6 5.Bf4 O-O 6.e3 dxc4 7.Bxc4 a6 8.O-O Nh5
9.Qe2 Nxf4 10.exf4 c5 11.Rfd1 Qc7 12.f5 b5 13.Bd5 cxd4 14.Nxd4 b4 15.fxe6 bxc3
16.exf7+ Kh8 17.Bxa8 cxb2 18.Qxb2 Bf6 19.Bd5 Bg4 20.Qb4 Nd7 21.Rac1 Qf4 22.g3 Qh6
23.Bf3 Bxd4 24.Bxg4 Bxf2+ 25.Kg2 a5 26.Qe7  1-0

[Event "Kaissa CC"]
[Site "Kharkov UKR"]
[Date "2000.05.29"]
[Round "2"]
[White "Kostiuk,T"]
[Black "Kovalenko,S"]
[Result "1-0"]
[WhiteElo "2270"]
[BlackElo "2277"]

1.d4 d5 2.c4 e6 3.Nc3 Be7 4.Nf3 Nf6 5.Bf4 O-O 6.e3 c6 7.h3 b6 8.Bd3 Bb7 9.O-O c5
10.dxc5 Bxc5 11.cxd5 Nxd5 12.Nxd5 Bxd5 13.Bxh7+ Kxh7 14.Ng5+ Kg6 15.Qg4 f5
16.Qg3 Kh5 17.e4 Be7 18.Nxe6 Bxe6 19.Qxg7 Rh8 20.exf5 Bxf5 21.g4+ Kh4 22.Kh2  1-0